000 00551nam a2200193Ia 4500
003 GCL
008 140319s9999 xx 000 0 eng d
020 _a0500278466
040 _aGCL /
_cGCL
082 0 4 _a581.5
_bP G
100 1 _aPAPANEK, VICTOR
245 1 0 _aTHE GREEN IMPERATIVE ECOLOGY :
_bECOLOGY AND ETHICS IN DESIGN AND ARCHITECTURE /
_cPAPANEK, VICTOR
260 _aسنجافوره :
_bROUTLEDGE ،
_c1995
300 _a24 CM ؛
_c255 P
650 0 4 _aETHICS, DESIGN
650 0 4 _aECOLOGY
650 0 4 _aARCHITECTURE
942 _2ddc
_cBK
999 _c10988
_d10988